000
00302nam a2200109Ia 4500
008
200302s9999 xx 000 0 und d
100
_a
John M Kean
245
_a
Leicester University Engineering Building James Stirling and James Gowan
260
_b
Phaidon Press Lid.
260
_c
1994
300
_a
60 P.,
999
_c
5186
_d
5186